01392nab a22002177a 4500003000400000005001700004008004100021040000700062100003000069245014000099260007300239300001500312500003700327505048000364505008200844650001800926650002100944650001900965650003600984773015401020OSt20251226115255.0190429b xxu||||| |||| 00| 0 spa d cPJ aMartínez, Agustina Lara10aLa criminalidad juvenil, el interaccionismo simbólico y el outsider. ¿De Howard Becker a Hank Chinaski? /cAgustina Lara Martínez. cCiudad Autónoma de Buenos Aires :aThomson Reuters La Ley, b2025. ap. 213-226 aCita: TR LALEY AR/DOC/1910/2025. aSumario: I. Introducción.— II. El interaccionismo simbólico: apreciaciones generales y recorrido de sus máximos exponentes.— III. Los jóvenes y la etiquetación social.— IV. El rol de las interacciones con figuras de autoridad.— V. Las subculturas juveniles y el interaccionismo simbólico: una comparación con la Escuela de Chicago.— VI. Criminología y literatura: una comparación con Charles Bukowski y Enrique Symns.— VII. Algunas conclusiones. tSi te interesa el texto completo, solicitalo a koha@justierradelfuego.gov.ar  0aDERECHO PENAL 0aDERECHOS HUMANOS 0aCRIMINOLOGÍA 0aRÉGIMEN PENAL DE LA MINORIDAD0 02658tRevista de derecho penal y criminología. Nº 8 - Septiembre 2025dCiudad Autónoma de Buenos Aires : Thomson Reuters La Ley, 2017-x00347914